Word Ladder: Musical Artist Missing Last Word Quiz Stats

 Plays Quiz Updated Mar 15, 2018

Challenge
Share
Tweet
Embed
Score 0/50 Timer 07:00
0 Plays Today
Clue 4-Letter Word % Correct
• Elton ____• JOHN •
99.8%
French heroine 'of Arc'JOAN
97.9%
Valentine's Day flowerROSE
95.6%
Best Olympic medalGOLD
95.5%
• Diana ____• ROSS •
93.6%
• Wyclef ____• JEAN •
93.2%
• Beastie ____• BOYS •
92.9%
Darkened like a fontBOLD
92.7%
Nickname of Bruce SpringsteenBOSS
92%
• Grateful ____• DEAD •
92%
Lacking fat; to inclineLEAN
92%
Kill with a nooseHANG
91.5%
Not be gentle with a doorSLAM
91.4%
• Fatboy ____• SLIM •
91.3%
Sea-going vesselSHIP
91%
Lose one's footingSLIP
90.9%
Move like a kangarooLEAP
90.8%
Body part guarded in soccerSHIN
89.8%
Ownership card, in MonopolyDEED
88.8%
Far from obeseTHIN
88.6%
A pileHEAP
88.1%
Bivalve molluscCLAM
87%
Having left the buildingGONE
86.7%
Billy from 'Lord of the Rings'BOYD
86.4%
• Machine ____• HEAD •
85.7%
Clue 4-Letter Word % Correct
• Bloodhound ____• GANG •
85.7%
Item of loungewearROBE
85.6%
Small skin orificePORE
85.5%
Give a hootCARE
85.5%
• Wu-Tang ____• CLAN •
85.3%
• Bee ____• GEES •
85.3%
Ask for identificationCARD
85%
Poker unitHAND
84.7%
Cymbal's bigger cousinGONG
84.4%
'An Inconvenient Truth' creatorGORE
83.2%
Horizontally levelFLAT
83.1%
Custard tart covered in caramelFLAN
82.2%
Blog entryPOST
81.7%
Castrate an animalGELD
81.7%
Troublesome insectPEST
81.6%
Epic achievementFEAT
81.2%
High on the Mohs scaleHARD
81%
Rick who hosted the Top 40DEES
81%
• Ice ____• CUBE •
81%
It may be struck on a runwayPOSE
79.1%
• The ____• CURE •
78.4%
Party with a specified focusFEST
77.7%
Unsophisticated sortRUBE
77.3%
Turned rightGEED
77%
• Aphex ____• TWIN •
39%

Today's Daily Dose

Missing Word
Animated TV Series

Word Ladder
Boston

Quick Pick
'H' Literature

On This Day
August 16th II

You're not logged in!

Compare scores with friends on all Sporcle quizzes.
Join for Free
OR
Log In

You Might Also Like...

Show Comments

Extras

Top Quizzes Today


Score Distribution

Your Account Isn't Verified!

In order to create a playlist on Sporcle, you need to verify the email address you used during registration. Go to your Sporcle Settings to finish the process.

Report this User

Report this user for behavior that violates our Community Guidelines.

Details: